000 00567nam a2200217Ia 4500
003 OSt
005 20220928142508.0
006 a|||||r|||| 00| 0
007 ta
008 220927b |||||||| |||| 00| 0 eng d
024 _a19885
037 _cTextual
040 _aSDCL
_cSDCL
_beng
041 _2eng
_aeng
082 _aW643.52, L3
100 _aLyttelton Adrian Ed.
_9503726
245 0 _aItalian fascisms
_b From Pareto to Gentile
260 _c1973
942 _hW643.52, L3
_cTEXL
_2CC
999 _c822036
_d822036